| 000 | 00458cam a22001571 4500 | ||
|---|---|---|---|
| 082 |
_a321.8 _bMAR |
||
| 100 | 1 |
_aMarriott, J. A. R. _949233 |
|
| 245 | 1 | 0 |
_aDictatorship and democracy, _cby Sir John A. R. Marriott. |
| 260 |
_aOxford, _bThe Clarendon press, _c1935. |
||
| 300 |
_aix, 231, [1] p. _c23 cm. |
||
| 526 |
_a0 _b0 _c0 _d321_800000000000000_MAR |
||
| 650 | 0 |
_aDemocracy. _912481 |
|
| 650 | 0 |
_aDictators. _949234 |
|
| 650 | 0 |
_aMCE _9379 |
|
| 942 |
_2ddc _cBK |
||
| 999 |
_c552044 _d552044 |
||